<?xml version="1.0" encoding="UTF-8"?><?xml-stylesheet type="text/xsl" href="static/style.xsl"?><OAI-PMH xmlns="http://www.openarchives.org/OAI/2.0/" xmlns:xsi="http://www.w3.org/2001/XMLSchema-instance" xsi:schemaLocation="http://www.openarchives.org/OAI/2.0/ http://www.openarchives.org/OAI/2.0/OAI-PMH.xsd"><responseDate>2026-06-06T19:03:29Z</responseDate><request verb="GetRecord" identifier="oai:riuma.uma.es:10630/38078" metadataPrefix="marc">https://riuma.uma.es/rest/oai/request</request><GetRecord><record><header><identifier>oai:riuma.uma.es:10630/38078</identifier><datestamp>2026-02-03T11:12:57Z</datestamp><setSpec>com_10630_2254</setSpec><setSpec>col_10630_37953</setSpec></header><metadata><record xmlns="http://www.loc.gov/MARC21/slim" xmlns:dcterms="http://purl.org/dc/terms/" xmlns:doc="http://www.lyncode.com/xoai" xmlns:xsi="http://www.w3.org/2001/XMLSchema-instance" xsi:schemaLocation="http://www.loc.gov/MARC21/slim http://www.loc.gov/standards/marcxml/schema/MARC21slim.xsd">
   <leader>00925njm 22002777a 4500</leader>
   <datafield ind2=" " ind1=" " tag="042">
      <subfield code="a">dc</subfield>
   </datafield>
   <datafield ind2=" " ind1=" " tag="720">
      <subfield code="a">Calderón-Almendros, Ignacio</subfield>
      <subfield code="e">author</subfield>
   </datafield>
   <datafield ind2=" " ind1=" " tag="720">
      <subfield code="a">Ruiz-Román, Cristóbal</subfield>
      <subfield code="e">author</subfield>
   </datafield>
   <datafield ind2=" " ind1=" " tag="260">
      <subfield code="c">2015-12-17</subfield>
   </datafield>
   <datafield ind2=" " ind1=" " tag="520">
      <subfield code="a">This project reflects on the way in which students in a situation of social risk construct their identity. Based on the reflections and theories originating from research conducted on individuals and collective groups in a situation of social exclusion due to disability, social class or ethnicity, this paper will analyse the conflicts these students have to deal with when constructing their identity. It also examines the challenge that education has to face to turn those conflicts into opportunities that will help to build life projects with which they can freely identify. For this reason, from a critical perspective, the school’s role in constructing identity will be analysed, as will the way in which it affects children and adolescents from minority groups. In the same way, we will study and put forward some different channels aimed at providing more equal educational attention to those identities that are depreciated in neoliberal society.</subfield>
   </datafield>
   <datafield ind1="8" ind2=" " tag="024">
      <subfield code="a">Calderón-Almendros, I., &amp; Ruiz-Román, C. (2015). Disadvantaged Identities: Conflict and Education from Disability, Culture and Social Class. Educational Philosophy and Theory, 48(9), 946–958. https://doi.org/10.1080/00131857.2015.1118613</subfield>
   </datafield>
   <datafield ind1="8" ind2=" " tag="024">
      <subfield code="a">https://hdl.handle.net/10630/38078</subfield>
   </datafield>
   <datafield ind1="8" ind2=" " tag="024">
      <subfield code="a">10.1080/00131857.2015.1118613</subfield>
   </datafield>
   <datafield tag="653" ind2=" " ind1=" ">
      <subfield code="a">Política educativa</subfield>
   </datafield>
   <datafield tag="653" ind2=" " ind1=" ">
      <subfield code="a">Educación inclusiva</subfield>
   </datafield>
   <datafield ind2="0" ind1="0" tag="245">
      <subfield code="a">Disadvantaged Identities: Conflict and Education from Disability, Culture and Social Class.</subfield>
   </datafield>
</record>
</metadata></record></GetRecord></OAI-PMH>